MARC

LEADER 00000nam0a2200000 4500
001 220843
005 20231031195528.0
010 |a 0841210004 
035 |a (RuTPU)RU\TPU\book\240978 
090 |a 220843 
100 |a 20120904d1987 k y0engy50 ba 
101 0 |a eng 
102 |a US 
105 |a a z 001zy 
200 1 |a Personal Computers for Scientist  |e A Byte at a Time  |f G. I. Ouchi, B. Research 
210 |a Washington  |c American Chemical Society  |d 1987 
215 |a 276 p.  |c il. 
320 |a Index: p. 265-276. 
610 1 |a персональные компьютеры 
610 1 |a аппаратные средства 
610 1 |a операционные системы 
610 1 |a тексты 
610 1 |a обработка 
610 1 |a таблицы 
610 1 |a графика 
610 1 |a программирование 
675 |a 681.3-181.4  |v 3 
700 1 |a Ouchi  |b G. I. 
701 1 |a Research  |b B.  |g Brego 
801 1 |a RU  |b 63413507  |c 20120904 
801 2 |a RU  |b 63413507  |c 20120906  |g RCR 
942 |c BK